Áreas coralinas de Colombia / (Registro nro. 4006)
[ vista simple ]
| 000 -CABECERA | |
|---|---|
| Campo de control | 01175cam a22002897a 4500 |
| 005 - FECHA Y HORA DE LA ULTIMA TRANSACCION | |
| Campo de control | 20180803165138.0 |
| 008 - ELEMENTOS DE LONGITUD FIJA—INFORMACION GENERAL | |
| Campo de control | 140324s2000 ck ab b 000 0 spa d |
| 020 ## - ISBN | |
| ISBN | 9589595081 |
| 020 ## - ISBN | |
| ISBN | 9789589595084 |
| 040 ## - FUENTE DE CATALOGACIÓN | |
| Agencia catalogadora original | FQG |
| Agencia transcriptora | FQG |
| Agencia Modificadora | OCLCQ |
| -- | IXA |
| -- | CKDNB |
| -- | ZWZ |
| -- | OCLCF |
| -- | DLC |
| 041 ## - IDIOMA | |
| Código de idioma para texto/pista de sonido o título separado | Español |
| 044 ## - PAÍS DE PUBLICACIÓN | |
| País de publicación | Colombia |
| 082 04 - NUMERO DE CLASIFICACION DECIMAL DEWEY | |
| Número de clasificación | 593.609861 |
| Número del ítem | I62a |
| 245 00 - MENCION DE TITULO | |
| Título | Áreas coralinas de Colombia / |
| Mención de responsabilidad | editado por Juan Manuel Díaz M. ; otros autores ... Lina María Barrios ... [et al.]. |
| 260 ## - PUBLICACION, DISTRIBUCION, ETC. (PIE DE IMPRENTA) | |
| Lugar de publicación, distribución, etc. | Santa Marta : |
| Nombre del editor, distribuidor, etc. | Instituto de Investigaciones Marinas y Costeras "José Benito Vives de Andreis", INVEMAR, |
| Fecha de publicación, distribución, etc. | 2000. |
| 300 ## - DESCRIPCION FISICA | |
| Extensión | 175 páginas : |
| Otros detalles físicos | mapas, algunas ilustraciones a color |
| Dimensiones | 34 centímetros |
| 490 1# - MENCION DE SERIE | |
| Mención de serie | Serie publicaciones especiales ; |
| Designación numérica/secuencial del volumen | 5 |
| 500 ## - NOTA GENERAL | |
| Nota general | "A la memoria de Henry von Prahl (1949-1989)." |
| 500 ## - NOTA GENERAL | |
| Nota general | "Noviembre de 2000." |
| 504 ## - NOTA DE BIBLIOGRAFIA, ETC. | |
| Nota de bibliografía | Incluye referencias bibliográficas (p. 168-174). |
| 650 #0 - ASIENTO SECUNDARIO DE MATERIA - TERMINO TEMATICO | |
| Término temático o nombre geográfico como elemento de entrada | Los arrecifes de coral e islas |
| Subdivisión geográfica | Colombia. |
| 9 (RLIN) | 41065 |
| 700 1# - ASIENTO SECUNDARIO - NOMBRE PERSONAL | |
| Nombre personal | Díaz M., Juan Manuel. |
| Término de relación | editor |
| 9 (RLIN) | 3755 |
| 700 1# - ASIENTO SECUNDARIO - NOMBRE PERSONAL | |
| Nombre personal | Barrios, Lina María. |
| 9 (RLIN) | 21187 |
| 710 1# - ASIENTO SECUNDARIO - NOMBRE CORPORATIVO | |
| Nombre corporativo o de jurisdicción como elemento de entrada | Cendales, María Helena |
| 9 (RLIN) | 41066 |
| 710 1# - ASIENTO SECUNDARIO - NOMBRE CORPORATIVO | |
| Nombre corporativo o de jurisdicción como elemento de entrada | Garzón-Ferreira, Jaime |
| 9 (RLIN) | 3758 |
| 942 ## - ELEMENTOS ADICIONALES (KOHA) | |
| Sistema de clasificación | Dewey Decimal Classification |
| Tipo de ítem | Libro |
| Withdrawn status | Lost status | Sistema de Clasificación | Damaged status | No para préstamo | Colección | Inventariado | Ubicación Permanente | Ubicación actual | Fecha de adquisición | Fuente de Valor | Valor | Total Checkouts | Número topográfico | Inventario / Código de Barras | Date last seen | Ejemplar | Price effective from | Forma de adquisición | Tipo de material |
|---|---|---|---|---|---|---|---|---|---|---|---|---|---|---|---|---|---|---|---|
| Dewey Decimal Classification | General | Inventariado 2017 | Bogotá | Bogotá | 10/08/2004 | Instituto | 30000.00 | LB-593.609861 I62a | 016367 | 04/12/2012 | Ej. 1 | 04/12/2012 | Libro |